000 00723nam a2200241 i 4500
003 DO-SdBNP
005 20240917152800.0
007 ta
008 240917b1930 dr ||||| |||| 00| 0 spa d
040 _aDO-SdBNP
_bspa
_cBNPHU
_erda
082 4 _222
100 _aEspaillat Mota Francisco de la,
_eautor
_4aut.
_986605
245 1 3 _aEl mantenimiento de la paz /
_cFrancisco Espaillat de la Mota
250 _asegunda edición
264 4 _aSanto Domingo :
_bImprenta Montalvo,
_c1930.
300 _a176 páginas ;
_c22 cm.
336 _atexto
_btxt
_2rdacontent
337 _asin mediación
_bn
_2rdamedia
338 _avolumen
_bnc
_2rdacarrier
590 _aInventariado, 2024/BT
910 _aBtavárez
942 _2ddc
_cLBS1
999 _c57709
_d57709